| 000 | 01658nam a2200325 a 4500 | ||
|---|---|---|---|
| 001 | 1423029 | ||
| 003 | AM-YEHGA | ||
| 005 | 20250618080141.0 | ||
| 008 | 181116s2018 ai a||||r|||||||||0|rus|d | ||
| 020 | _a9785540024730 | ||
| 040 | _aAM-YeHGA | ||
| 041 | 0 | _arus | |
| 100 | 1 |
_aԽաչատրյան, Արամ Եղիայի, _d1903-1978 _91671 |
|
| 245 | 1 | 0 |
_aПисьма : _b[О некоторых периодах жизни и деятельности Мастера] / _cАрам Хачатурян ; [Сост.-ред. А. Григорян ; Пер. с арм. М. Арутюнян, А. Пахлеванян ; Предисл. А. Шагманян] ; М-во культуры РА, Дом-музеей Арама Хачатуряна. |
| 260 |
_aЕреван : _bАйастан, _c2018. |
||
| 300 |
_a504, [16] с. : _b8 л. ил. ; _c20 см. |
||
| 500 | _aИмен. указ. : с. 473-490 | ||
| 650 | 1 | 4 |
_aИскусство _95446 |
| 650 | 1 | 4 |
_aМузыка _xИстория музыки |
| 650 | 1 | 4 | _aДеятели армянской культуры |
| 650 | 1 | 4 |
_aАрмянские композиторы _xЖизнь и творчество _vПисьма |
| 650 | 1 | 4 | _aЭпистолярная литература |
| 653 | 0 | _aХачатурян Арам Ильич (1903-1978) - композитор - Письма | |
| 700 | 1 |
_aАрутюнян, Маргарита _eпер. _4trl |
|
| 700 | 1 |
_aПахлеванян, Алина _d1936- _eпер. _4trl |
|
| 700 | 1 |
_aГригорян, Армине _eсост., ред. _4com _4edt |
|
| 700 | 1 |
_aШагманян, Анаит _eпредисл. _4aui |
|
| 942 |
_2udc _cBK |
||
| 090 | _c568728 | ||
| 999 |
_c530165 _d530165 |
||